| 000 | 00514nam a2200181Ia 4500 | ||
|---|---|---|---|
| 008 | 240925s9999 xx 000 0 und d | ||
| 020 | _a9780170136761 | ||
| 082 | _a005.74 ALI | ||
| 100 | _aAli, A B M Shawkat; Wasimi, Saleh A. | ||
| 245 | 0 | _aData Mining: methods and techniques | |
| 250 | _aNA | ||
| 260 |
_aLondon: _bThomas lear _c,2007. |
||
| 300 |
_a634p. _b0 _fOriginal |
||
| 500 | _aIncludes Index | ||
| 600 | _aComputer Science | ||
| 650 | _aComputer science, information & general works | ||
| 942 | _cBK | ||
| 999 |
_c14488 _d14488 |
||